Statistics for Cities that End in N by Clue

Click here to take the quiz!

General Stats

  • This quiz has been taken 37,900 times
  • The average score is 13 of 20

Answer Stats

HintCity% Correct
Divided by a wall until 1989Berlin
98%
Most populous city in the world in the year 1900London
87%
The westernmost major city on the European continentLisbon
83%
Capital of TexasAustin
80%
City where you'd find the headquarters of Armani and PradaMilan
79%
Either France's second or third largest city depending on how you measure itLyon
78%
Capital of JordanAmman
73%
Hans Christian Andersen is buried hereCopenhagen
69%
Major resort city on Mexico's Yucatan peninsulaCancun
66%
City on the river Liffey also known as "Baile Átha Cliath"Dublin
66%
The second most populous metro area in the Middle East, after CairoTehran
66%
Its suburbs include Cambridge, Brookline, and SalemBoston
63%
Pablo Escobar's cartel was centered hereMedellín
56%
City in Oceania named after a victorious general at the Battle of WaterlooWellington
56%
The third most populous city in South Africa, after Johannesburg and Cape TownDurban
50%
Sudan's largest port. Think hard, I bet you can guess the answer!Port Sudan
41%
Formerly known as RangoonYangon
41%
City in southern France where the Pope resided in the 1300sAvignon
39%
City on Hong Kong's northern border that is a huge manufacturing hubShenzhen
38%
It's not an animated TV series, it's the most populous city in SaskatchewanSaskatoon
35%

Score Distribution

Percentile by Number Answered

Percent of People with Each Score

Your Score History

You have not taken this quiz